Bienvenue à la Médiathèque de Saint-Andiol
banniere
Accueil Recherche avancée Mon compte
handi1 Rechercher dans le catalogue

Filtre   Mots-clés
  Recherche avancée
 
Lister les dernières nouveautés
 
Lister les livres GROS CARACTERES
 
Lister les périodiques (magazines)

handi1 môme Eglantine (La)

Book Cover
Auteur principal : Jeanine Berducat
Titre : môme Eglantine (La)
Support : Livres à gros caractères
Langue : Francais
Publié : DL 2016 La Loupe Paris
Genre : Roman
Collection : Roman
Sujets :
Étiquettes :
Pas de tags
LEADER 01249nam0a2200217 450
001 16867890
010 |a 978-2-84868-660-8  |b br.  |d 22,4 € 
100 |a 20260320d2026 u u0frey01 ba 
101 0 |a fre 
102 |a FR 
200 0 |a môme Eglantine (La)  |f Jeanine Berducat 
205 |a [Ed.] en gros caractères 
207 1 |a   
210 |a Paris  |c La Loupe  |d DL 2016 
215 |a 1 vol. (343 p.)  |c Couv  |d 22 cm 
225 1 |a Roman  |x 1292-4113 
330 |a Elise, la sage cadette d'un foyer paysan du Berry, va plonger dans le tumulte du Paris joyeux du 19 ème siècle. Elle subit le sort des «?filles mères?» que l'on exilait pour préserver l'honneur de la famille. Un vrai déchirement pour cette jeune maman qui doit confier son garçon à sa soeur afin de rejoindre la capitale où elle va servir comme nourrice dans une «?maison?». Une maison bien particulière... La maîtresse est danseuse au Moulin Rouge. Dans ce milieu interlope, parviendra-t-elle à retrouver Rodolphe, le peintre qui avait su la séduire le temps d'un été avant de disparaître ? 
700 0 |a Berducat  |b Jeanine  |f 1952-....  |4 70 
900 |a Roman 
901 |a Adultes 
995 |a Médiathèque  |c Médiathèque  |f 089021799  |h 089021799  |k R BER LV  |o p  |q a  |r ag  |e MédiathèqueÂ